000 00324nam a22001337a 4500
008 171023b xxu||||| |||| 00| 0 eng d
020 _a9780072314472
041 _aeng
080 _a338
100 _a54
101 _aMEN
245 _aMANGERIAL ECONOMICS AND ORGANIZATION ARCHITECTURE
_cZIMMERMAN.S
942 _2udc
_cBK
999 _c35436
_d35436